Top baby names of 1994 by famous namesake - Statistics

General Stats
  • This quiz has been taken 40 times
  • The average score is 12 of 20
Answer Stats
Hint Origin Answer % Correct
Queen of England from 1952 to 2022 Hebrew Elizabeth
95%
Pro Basketball player and owner of line of sneakers called Air Jordans Hebrew Michael
95%
The older Olsen twin by 2 minutes English Ashley
82%
The human in Winnie The Pooh Greek Christopher
82%
Star of Harry Potter Hebrew Daniel
79%
Star of "Good Will Hunting" Hebrew Matthew
76%
Wife of Roger Rabbit Hebrew Jessica
74%
Former Governor of Alaska and Republican VP nominee in 2008 Hebrew Sarah
71%
Santa's first name Greek Nicholas
66%
Author famous for "Wuthering Heights" Latin Emily
63%
Singer songwriter who sang "Blank Space" Old English Taylor
63%
Duchess of Sussex Welsh Megan
61%
Princess of pop (different spelling) Latin Brittany
47%
Part of kid's song "John ___ Jingleheimer Schmidt" Hebrew Jacob
45%
The protagonist of Bewitched Hebrew Samantha
42%
7th president of the US Greek Andrew
37%
Moses's successor who lead the battle of Jericho Hebrew Joshua
37%
Creator of Madea Old French Tyler
34%
Son of Bruce Lee who died on set of "The Crow" Celtic Brandon
32%
"All that" spin off: The ___ Show Latin Amanda
18%
No matching quizzes found
Score Distribution
Percent of People with Each Score
Percentile by Number Answered
Your Score History
You have not taken this quiz